000 00520nam a2200181Ia 4500
001 17306
005 20260306171508.0
008 260306s9999||||xx |||||||||||||| ||und||
041 _aESP
082 _a657.61
_bP86
100 _aPrieto Hormaza, Marlon,
_eAUT
245 0 _aNormas internacionales de contabilidad para el sector público (NIC-SP) :
_baplicación práctica en el sector público
260 _c2023
300 _a830 páginas :
_c25 cm.
650 _aGEN
654 _aCCO
942 _cLIB
_dJUS
_fJUS
_2ddc
_n
999 _c17306
_d17306